Least Populated Capital Cities - Statistics

General Stats
  • This quiz has been taken 38 times
    17 since last reset
  • The average score is 7 of 10
Answer Stats
Hint Answer % Correct
4,465 San Marino
100%
801 Vatican City
100%
271 Ngerulmud
77%
810 Yaren
77%
20,764 Saint John's
69%
5,470 Vaduz
69%
14,434 Basseterre
62%
7,042 Funafuti
62%
14,942 Roseau
62%
6,996 Palikir
54%
No matching quizzes found
Score Distribution
Percent of People with Each Score
Percentile by Number Answered
Your Score History
You have not taken this quiz since the last reset